000 00380nam a2200133Ia 4500
008 220217s9999||||xx |||||||||||||| ||und||
020 _a9788131715888
082 _a621.382 75 KOL
100 _aKolimbiris, Harold
_92653
245 0 _aFiber Optics Communications
260 _aPearson education
_bNoida
_c2004
300 _axiv;649+CD
_b625
650 _aOPTICAL COMMUNICATION
999 _c183162
_d183162